000 00989nam0a22002291i 4500
001 rc\4563009
005 20240725231715.0
021 _aRU
_b[68-2684]
035 _a(NLR Aleph) 008370808
090 _a9056554
_c9056554
100 _a20130416d1967 |||y0rusy50 ca
101 0 _arus
102 _aRU
105 _ay d |||||
200 1 _aВлияние поверхностно-активных веществ на восстановительные процессы в шлаковых расплавах
_eСпециальность № 322 - металлургия цвет., благородных и редких металлов
_eАвтореферат дис. на соискание учен. степени канд. техн. наук
_fМоск. ин-т стали и сплавов
210 _aМосква
_d1967
215 _a20 с.
700 1 _aМазурчук
_bЭ.Н.
801 0 _aRU
_bNLR
_gpsbo
801 1 _aRU
_bELAR
_2rusmarc
852 _aNLR
_j68-6/2864
942 _cBOOK